000 00326cam a22001097a 4500
008 180718b2001 xxu||||| |||| 00| 0 eng d
100 _aRavallion, Martin
245 _aInequality convergence
_cby Martin Ravallion
260 _aWashington, D.C.
_bWorld Bank
_c2001
300 _a23p.
440 _aPolicy research working paper 2645
999 _c286867
_d286867